000 01700cas a2200385u 4500
003 AUA.1
005 20250610091311.0
008 250610 eng
022 _a00265314
035 _a.b22486379
040 _cAUA
050 _aBX6102
_b.M56
222 7 _aMinistry
_beJournal Links.
245 1 0 _aMinistry:
_bInternational journal for Pastors
260 _c2024
_aSilver Spring, MD
_bSeventh-day Adventist Church
300 _a30p.
_bcol ill.;
_c27 cm
440 _vVol 96
_x00265314
_934577
_aCreation
_nNo. 9
505 _aFrom perplexity to belief: Jesus reveals the truth about creation
_rRonny Nalin
505 _aShould creationists be afraid of science
_rSuzanne Phillips
505 _aExploring Jesus' creative power: How to navigate the subject of creation in discipleship and mission
_rSven Ostring
505 _aAppreciating God's gift: Relevance of the creation account
_rDaniel K. Bediako
505 _aThe significance of the great Genesis flood
_rAriel A. Roth
505 _aEditorial
_rJO Ann Davidson
505 _aPastor's pastor
_rRoman J. Canals
505 _aPractical Pointers
_rEmeraude Victorin Tobias
505 _aDateline
505 _aResources
_rJohn Feezer IV
610 2 0 _aSeventh-day Adventists
_xClergy
_xPeriodicals.
_934578
650 0 _aPastoral theology
_xSeventh-day Adventists
_xPeriodicals.
_934579
690 _aSeventh-day Adventist publications.
_934580
700 _aPavel Goia
_eEditor
_934581
710 2 0 _aGeneral Conference of Seventh-day Adventists.
_bMinisterial Association.
_934582
856 _uhttp://www.ministrymagazine.org/archive
_zMinistry magazine
942 _2lcc
_cEGWEBO
_hBX6102
_i.M56 2024
999 _c25087
_d25087